000 00203 a2200097 4500
001 23580
100 _aMassey, H
245 _aNew age in physics
260 _a
_bElek Books
_c1966
090 _c15965
_d15965
942 _aNUST-CAE
_cM
_c6630
999 _c258653
_d258653